|
|
|
|
| LEADER |
00000nam0a2200000 4500 |
| 001 |
192284 |
| 005 |
20231031181151.0 |
| 035 |
|
|
|a (RuTPU)RU\TPU\book\209670
|
| 090 |
|
|
|a 192284
|
| 100 |
|
|
|a 20110222d1970 km y0rusy50 ca
|
| 101 |
0 |
|
|a rus
|
| 102 |
|
|
|a RU
|
| 105 |
|
|
|a a z 001zy
|
| 200 |
1 |
|
|a Валы и оси. Конструирование и расчет
|f С. В. Серенсен [и др.]
|
| 205 |
|
|
|a 2-е изд., перераб. и доп.
|
| 210 |
|
|
|a Москва
|c Машиностроение
|d 1970
|
| 215 |
|
|
|a 320 с.
|c ил.
|
| 225 |
1 |
|
|a Библиотека конструктора
|
| 320 |
|
|
|a Библиогр.: с. 314-315.
|
| 610 |
1 |
|
|a конструирование
|
| 610 |
1 |
|
|a расчеты
|
| 610 |
1 |
|
|a валы
|
| 610 |
1 |
|
|a оси
|
| 610 |
1 |
|
|a прочность
|
| 610 |
1 |
|
|a жесткость
|
| 610 |
1 |
|
|a упрочнение
|
| 610 |
1 |
|
|a нагрузки
|
| 610 |
1 |
|
|a выносливость
|
| 675 |
|
|
|a 621.824
|v 3
|
| 701 |
|
1 |
|a Серенсен
|b С. В.
|g Сергей Владимирович
|
| 701 |
|
1 |
|a Громан
|b М. Б.
|g Михаил Борисович
|
| 701 |
|
1 |
|a Когаев
|b В. П.
|g Владимир Петрович
|
| 701 |
|
1 |
|a Шнейдерович
|b Р. М.
|g Роман Миронович
|
| 801 |
|
1 |
|a RU
|b 63413507
|c 20110222
|
| 801 |
|
2 |
|a RU
|b 63413507
|c 20120329
|g RCR
|
| 942 |
|
|
|c BK
|